| 000 | 00530nam a22001577a 4500 | ||
|---|---|---|---|
| 082 |
_a620.11 _bKHA |
||
| 100 |
_aKhan, Muhammad Usman (326911) _9120029 |
||
| 245 | _aMoO3@Activated Carbon derived from Wheat Straw as a Bi-Functional Electrocatalyst for Efficient Water Splitting / | ||
| 264 |
_aIslamabad : _bUSPCAS-E, NUST _cNovember, 2023. |
||
| 300 |
_axiii, 43 p. _e+CD |
||
| 520 | _a TH-544 | ||
| 650 | _aMS ESE Thesis | ||
| 650 |
_aMS Thesis _918721 |
||
| 700 |
_aDr. Muhammad Hassan _9117268 |
||
| 942 |
_2ddc _cTHE |
||
| 999 |
_c607481 _d607481 |
||